The St. Nicholas anthology /

Contains the "best" of "St. Nicholas," a magazine for boys and girls published at the turn of the century. Included stories, poems, and original illustrations.

Bibliographic Details
Other Authors: Commager, Henry Steele, 1902-1998
Format: Book
Language:English
Published: New York : Greenwich House : 1983.
Subjects:

MARC

Tag First Indicator Second Indicator Subfields
LEADER 00000cam a2200000 a 4500
001 in00001131069
005 20150930072649.0
008 830613r19831948nyua j 000 1 eng
010 |a  83011664  
020 |a 0517420821 
035 |a (OCoLC)09682274 
035 |9 AFW4846AM 
040 |a DLC  |c DLC  |d m/c  |d TXA  |d UtOrBLW 
049 |a TXAM 
050 0 0 |a PZ5  |b .S785 1983 
082 0 |a 810/.8/09282  |a Fic  |2 19 
245 0 4 |a The St. Nicholas anthology /  |c edited by Henry Steele Commager ; with an introduction by May Lamberton Becker. 
264 1 |a New York :  |b Greenwich House :  |c 1983. 
264 2 |a New York :  |b Distributed by Crown Publishers, 
264 4 |c ©1975 
300 |a xxii, 541 pages :  |b illustrations ;  |c 24 cm. 
336 |a text  |b txt  |2 rdacontent 
337 |a unmediated  |b n  |2 rdamedia 
338 |a volume  |b nc  |2 rdacarrier 
500 |a Originally published: New York : Random House, 1948-1950. 
520 |a Contains the "best" of "St. Nicholas," a magazine for boys and girls published at the turn of the century. Included stories, poems, and original illustrations. 
650 0 |a Children's literature. 
650 1 |a Literature  |x Collections. 
650 1 |a Short stories. 
700 1 |a Commager, Henry Steele,  |d 1902-1998. 
730 0 |a St. Nicholas (New York, N.Y.) 
740 0 |a Saint Nicholas anthology. 
999 |a MARS 
999 f f |s 07dea80c-2b6f-3a10-b74c-10f446587a0b  |i fb0751ec-4f6d-32ce-a86f-c43594bc1af3  |t 0 
952 f f |p normal  |a Texas A&M University  |b College Station  |c Sterling C. Evans Library  |d Evans: Curriculum Collection (4th floor)  |t 0  |e PZ5 .S785 1983  |h Library of Congress classification  |i unmediated -- volume  |m A14817120347 
998 f f |a PZ5 .S785 1983  |t 0  |l Evans: Curriculum Collection (4th floor)